LEADER 00794nam a2200217 i 4500 001 000000175837 003 CaOOAMICUS 005 20081119000000.0 008 081119s1994 it u000 u ita u 013 $a153322 040 $aSeMil$bita 100 1 $aSinger, Isaac Bashevis,$d<1902-1991>.$0(OLS)http://semarc/name/90662 245 13$aIl certificato /$cIsaac Bashevis Singer. 260 $aMilano :$bLonganesi & C.,$c1994. 300 $a284 p. ;$c22 cm. 500 $aDono di don Romano Martinelli. 850 $aSeMil 852 $aSeMil$W1$xVenegono$y1$m1U VI 79$j243788$B126659$CSeMilBibl$Z2$F139540 $81 961 $aOmaggio: Martinelli don Romano 996 $6245$aIl certificato$9(OLS)http://semarc/title/252236 996 $6260$aMilano :$bLonganesi & C.$9(OLS)http://semarc/publisher/31590 LEADER 00606nab a2200145 i 4500 001 000000266297 003 CaOOAMICUS 005 20070420000000.0 008 070420n xx uu u0 0und r 013 $a10225 040 $aSeMil$bita 245 10$aBenedetto 16., 80 anni :$bla parola che basta. - 31 c. - Titolo principale dalla prima pagina. 500 $a18 aprile 2007 (N. 1554). 773 0 $t[2007.$dRoma : Società per l'Informazione Religiosa (SIR), stampa 2007.$w()160711 996 $6245$aBenedetto 16., 80 anni :$bla parola che basta. - 31 c. - Titolo principale dalla prima pagina.$9(OLS)http://semarc/title/357812